| 000 | 00711cam a2200241 a 4500 | ||
|---|---|---|---|
| 001 | 32121 | ||
| 003 | BD-RjUL | ||
| 005 | 20211209051806.0 | ||
| 008 | 140423s1963 enk 001 0 eng d | ||
| 035 | _a(BD-RjUL)32210 | ||
| 040 |
_aKSU _cKSU _beng _dBD-RjUL |
||
| 041 | _aeng | ||
| 082 |
_a283 _bSOU 1963 |
||
| 090 |
_aBX5131.2 _b.V5 1966 |
||
| 100 | 1 |
_aVidler, Alexander Roper, _d1899-1991. _994835 |
|
| 245 | 1 | 0 |
_aSoundings : _bessays concerning Christian understanding / _cedited by A.R. Vidler. |
| 260 |
_aCambridge : _bCambridge University Press, _c1963. |
||
| 300 |
_axii, 268 p. ; _c23 cm. |
||
| 504 | _aIncludes index. | ||
| 610 | 2 | 0 |
_aChurch of England _997774 |
| 942 |
_2ddc _cBK |
||
| 999 |
_c32121 _d32121 |
||